Normal view
MARC view
Entry Personal Name
001 - CONTROL NUMBER
- control field: 83905
003 - CONTROL NUMBER IDENTIFIER
- control field: OSt
005 - DATE AND TIME OF LATEST TRANSACTION
- control field: 20260402165648.0
008 - FIXED-LENGTH DATA ELEMENTS
- fixed length control field: 260402|| aca||aabn | a|a d
040 ## - CATALOGING SOURCE
- Original cataloging agency: OSt
- Transcribing agency: OSt
100 ## - HEADING--PERSONAL NAME
- Personal name: वंशी, सं. बलदेव
670 ## - SOURCE DATA FOUND
- Source citation: Work cat.: (OSt)68912: वंशी, सं. बलदेव , एकता अखंडता की प्रतिमूर्ति सरदार पटेल, 2025









